| 000 | 00921nam a2200265 a 4500 | ||
|---|---|---|---|
| 001 | 000044448 | ||
| 003 | DO-SdBNP | ||
| 005 | 20180302123421.0 | ||
| 007 | 000044448 | ||
| 008 | 140701s 2014 dr a 000 0 spa d | ||
| 040 |
_aBPMSU _bspa _cBPMSU |
||
| 100 | 1 | _aMesa, Plinio | |
| 245 | 1 | 0 |
_aMantenimiento a sistemas de potencias / _cPlinio Mesa, prólogo Jacobo Herrera. |
| 260 |
_aSanto Domingo : _bEscorpión publicidad, _c2014. |
||
| 300 |
_a192 p. : _bils. ; _c23 cm. |
||
| 500 | _aIncluye datos biográficos del autor en la contracubierta | ||
| 930 | 1 |
_lBND01 _mLF1 _820140701 _f04 _pHD _g45408 _he. 3 |
|
| 930 | 1 |
_lBND01 _mLF1 _820140701 _f01 _pHD _g45407 |
|
| 930 | 1 |
_lBND01 _mLF1 _820140701 _f01 _pHD _g45407 _he. 2 |
|
| 942 |
_2ddc _cBK |
||
| 945 | _aInventariado, 2018 /LP | ||
| 956 |
_aWMENDOZA _b10 _c20140701 _lBND01 _h1153 |
||
| 956 |
_aBTAVAREZ _b10 _c20140708 _lBND01 _h1524 |
||
| 956 |
_aVMATEO _b10 _c20150505 _lBPMSU _h00151 |
||
| 999 |
_c7800 _d7800 |
||